| 000 | 00765cam a22002533a 4500 | ||
|---|---|---|---|
| 001 | 27744 | ||
| 003 | PGUSA | ||
| 005 | 20140828083611.0 | ||
| 008 | 090108s2009||||xxu|||||s|||||000 1 eng d | ||
| 040 |
_aPGUSA _beng |
||
| 042 | _adc | ||
| 050 | 4 | _aPR | |
| 100 | 1 |
_aFielding, Sarah, _d1710-1768 |
|
| 245 | 1 | 0 |
_aRemarks on Clarissa (1749) _h[electronic resource] / _cSarah Fielding |
| 260 |
_bProject Gutenberg, _c2009 |
||
| 506 | _aPublic domain in the USA. | ||
| 516 | _aElectronic text | ||
| 653 | _aRape victims in literature | ||
| 653 | _aEpistolary fiction, English -- History and criticism | ||
| 653 | _aRichardson, Samuel, 1689-1761. Clarissa | ||
| 830 | 0 |
_aProject Gutenberg _v27744 |
|
| 856 | 4 | 0 | _uhttp://www.gutenberg.org/ebooks/27744 |
| 942 | _cEB | ||
| 999 |
_c256999 _d256999 |
||